000 00944cam a2200301 a 4500
001 59204
003 CO-BoRNBP
005 20250918212641.0
007 ta
008 081215s1999 mx a gr 000 0 spa
020 _a9681660714
040 _aCO-BoBN
_bspa
_cCO-BoBN
041 1 _aspa
082 0 4 _a823.914
_220
100 1 _aCollinson, Roger
_965002
245 1 0 _aManos largas /
_cRoger Collinson ; ilustraciones de Patricio Betteo ; traducción de María Vinós
250 _a1a. ed.
300 _a116 p. :
_bil. ;
_c19 cm
336 _2rdacontent
_atexto
_btxt
337 _2rdamedia
_asin mediación
_bn
338 _2rdacarrier
_avolumen
_bnc
650 1 4 _aCuentos infantiles ingleses
_ySigloXX
_2LEMB
_965003
650 1 4 _aLibros y lectura para niños
_2LEMB
_92366
700 1 _aBetteo, Patricio,
_eilustrador
_965004
700 1 _aVinós, María,
_etraductor
_965005
942 _2ddc
_cBK
999 _c59204
_d59204